<?xml version="1.0" encoding="UTF-8"?>
<collection xmlns="http://www.loc.gov/MARC21/slim">
 <record>
  <leader>01455aam a22002418a 4500</leader>
  <controlfield tag="001">NCT_1774</controlfield>
  <controlfield tag="008">130514s2013                  ||||||viesd</controlfield>
  <datafield tag="999" ind1=" " ind2=" ">
   <subfield code="c">96</subfield>
   <subfield code="d">96</subfield>
  </datafield>
  <datafield tag="020" ind1=" " ind2=" ">
   <subfield code="c">24000</subfield>
  </datafield>
  <datafield tag="082" ind1="0" ind2="4">
   <subfield code="2">23rd ed.</subfield>
   <subfield code="a">541.76</subfield>
   <subfield code="b">Đ450</subfield>
  </datafield>
  <datafield tag="100" ind1="1" ind2=" ">
   <subfield code="a">Vũ Đăng Độ</subfield>
  </datafield>
  <datafield tag="245" ind1="1" ind2="0">
   <subfield code="a">Bài tập cơ sở lí thuyết các quá trình hoá học</subfield>
   <subfield code="c">Vũ Đăng Độ (chủ biên.), Trịnh Ngọc Châu, Nguyễn Văn Nội</subfield>
  </datafield>
  <datafield tag="250" ind1=" " ind2=" ">
   <subfield code="a">Tái bản lần thứ 8</subfield>
  </datafield>
  <datafield tag="260" ind1=" " ind2=" ">
   <subfield code="a">H.</subfield>
   <subfield code="b">Giáo dục</subfield>
   <subfield code="c">2013</subfield>
  </datafield>
  <datafield tag="300" ind1=" " ind2=" ">
   <subfield code="a">171tr.</subfield>
   <subfield code="b">hình vẽ, bảng</subfield>
   <subfield code="c">21cm</subfield>
  </datafield>
  <datafield tag="520" ind1="3" ind2=" ">
   <subfield code="a">Nội dung tài liệu tập hợp các bài tập về cơ sở hoá học, diễn biến của các quá trình hoá học, nhiệt động hoá học, cân bằng hoá học, dung dịch, phản ứng ôxy hoá khử...</subfield>
  </datafield>
  <datafield tag="700" ind1="1" ind2=" ">
   <subfield code="a">Trịnh Ngọc Châu</subfield>
  </datafield>
  <datafield tag="700" ind1="1" ind2=" ">
   <subfield code="a">Nguyễn Văn Nội</subfield>
  </datafield>
  <datafield tag="942" ind1=" " ind2=" ">
   <subfield code="2">ddc</subfield>
   <subfield code="c">BK</subfield>
  </datafield>
  <datafield tag="952" ind1=" " ind2=" ">
   <subfield code="0">0</subfield>
   <subfield code="1">0</subfield>
   <subfield code="2">ddc</subfield>
   <subfield code="4">0</subfield>
   <subfield code="6">541_760000000000000_Đ450</subfield>
   <subfield code="7">0</subfield>
   <subfield code="9">286</subfield>
   <subfield code="a">000001</subfield>
   <subfield code="b">000001</subfield>
   <subfield code="d">2017-10-04</subfield>
   <subfield code="o">541.76 Đ450</subfield>
   <subfield code="p">MD.00331</subfield>
   <subfield code="r">2017-10-04</subfield>
   <subfield code="v">40000.00</subfield>
   <subfield code="w">2017-10-04</subfield>
   <subfield code="y">BK</subfield>
  </datafield>
  <datafield tag="952" ind1=" " ind2=" ">
   <subfield code="0">0</subfield>
   <subfield code="1">0</subfield>
   <subfield code="2">ddc</subfield>
   <subfield code="4">0</subfield>
   <subfield code="6">541_760000000000000_Đ450</subfield>
   <subfield code="7">0</subfield>
   <subfield code="9">287</subfield>
   <subfield code="a">000001</subfield>
   <subfield code="b">000001</subfield>
   <subfield code="d">2017-10-04</subfield>
   <subfield code="o">541.76 Đ450</subfield>
   <subfield code="p">MD.00332</subfield>
   <subfield code="r">2017-10-04</subfield>
   <subfield code="v">40000.00</subfield>
   <subfield code="w">2017-10-04</subfield>
   <subfield code="y">BK</subfield>
  </datafield>
  <datafield tag="952" ind1=" " ind2=" ">
   <subfield code="0">0</subfield>
   <subfield code="1">0</subfield>
   <subfield code="2">ddc</subfield>
   <subfield code="4">0</subfield>
   <subfield code="6">541_760000000000000_Đ450</subfield>
   <subfield code="7">0</subfield>
   <subfield code="9">288</subfield>
   <subfield code="a">000001</subfield>
   <subfield code="b">000001</subfield>
   <subfield code="d">2017-10-04</subfield>
   <subfield code="o">541.76 Đ450</subfield>
   <subfield code="p">MD.00333</subfield>
   <subfield code="r">2017-10-04</subfield>
   <subfield code="v">40000.00</subfield>
   <subfield code="w">2017-10-04</subfield>
   <subfield code="y">BK</subfield>
  </datafield>
  <datafield tag="980" ind1=" " ind2=" ">
   <subfield code="a">Thư viện Trường Đại học Nam Cần Thơ</subfield>
  </datafield>
 </record>
</collection>
